000 00424nam a2200205Ia 4500
001 13849
003 GE_BSU
008 181216s||||||||xx |||||||||||||| ||und||
020 _a0140361472
040 _cGE_BSU
080 _a821.111-3
100 _aFine,Anne
245 _aFlour Babies
260 _aLondon
260 _bPuffin Books
260 _c1992
300 _a155p.18cm.
653 _aFlour Babies
942 _cBK
999 _c46995
_d46995